banner

Enfermedad de alzheimer y otras demencias: (Registro nro. 204)

000 -LEADER
fixed length control field 01529nam a22002657a 4500
003 - CONTROL NUMBER IDENTIFIER
control field AR-BaISA
005 - DATE AND TIME OF LATEST TRANSACTION
control field 20190207121128.0
007 - PHYSICAL DESCRIPTION FIXED FIELD--GENERAL INFORMATION
fixed length control field ta
008 - FIXED-LENGTH DATA ELEMENTS--GENERAL INFORMATION
fixed length control field 170807s2003 ag ad||| |||| 00| 0 spa d
020 ## - INTERNATIONAL STANDARD BOOK NUMBER
International Standard Book Number 9879165454
040 ## - CATALOGING SOURCE
Transcribing agency AR-BaISA
082 04 - DEWEY DECIMAL CLASSIFICATION NUMBER
Edition number 22
Classification number 616.831 B147
245 00 - TITLE STATEMENT
Title Enfermedad de alzheimer y otras demencias:
Remainder of title manual para los familiares y el equipo de salud /
Statement of responsibility, etc. Compilado por Pablo M. Bagnati; Ricardo F. Allegri, Janus Kremer y Fernando E. Taragano
260 ## - PUBLICATION, DISTRIBUTION, ETC.
Place of publication, distribution, etc. Buenos Aires:
Name of publisher, distributor, etc. Polemos,
Date of publication, distribution, etc. 2003
300 ## - PHYSICAL DESCRIPTION
Extent 151 p.:
Other physical details il., graf.
504 ## - BIBLIOGRAPHY, ETC. NOTE
Bibliography, etc. note Bibliografía al final de cada capítulo
505 ## - FORMATTED CONTENTS NOTE
Title ¿Qué es la demencia? --
-- La enfermedad de Alzheimer: una epidemia en el siglo XXI --
-- Diagnosticando la demencia: su origen, sintomatología, los diferentes tipos de demencia --
-- Alteraciones cognitivas en el envejecimiento y en las demencias --
-- Síntomas neuropsiquiátricos en la enfermedad de Alzheimer --
-- El familiar y el cuidador de un paciente con demencia --
-- Nuevos conocimientos sobre la enfermedad de Alzheimer: hallazgos recientes y futuras líneas de investigación --
-- Tratamientos en demencias --
-- Toma de decisiones en los casos de pacientes con demencia --
-- La misión de las ONGs ante el impacto de las demencias
650 14 - SUBJECT ADDED ENTRY--TOPICAL TERM
9 (RLIN) 487
Topical term or geographic name entry element Enfermedad de alzheimer
650 14 - SUBJECT ADDED ENTRY--TOPICAL TERM
9 (RLIN) 488
Topical term or geographic name entry element Demencia
700 1# - ADDED ENTRY--PERSONAL NAME
9 (RLIN) 489
Personal name Bagnati, Pablo
Relator term comp.
700 1# - ADDED ENTRY--PERSONAL NAME
9 (RLIN) 490
Personal name Allegri, Ricardo
Relator term aut.
700 1# - ADDED ENTRY--PERSONAL NAME
9 (RLIN) 491
Personal name Kremer, Janus
Relator term aut.
700 1# - ADDED ENTRY--PERSONAL NAME
9 (RLIN) 492
Personal name Taragano, Fernando
Relator term aut.
942 ## - ADDED ENTRY ELEMENTS (KOHA)
Source of classification or shelving scheme
Koha item type Libros
Existencias
Withdrawn status Lost status Source of classification or shelving scheme Damaged status Not for loan Permanent Location Current Location Date acquired Inventory number Total Checkouts Total Renewals Full call number Barcode Date last seen Date last checked out Price effective from Koha item type
          Biblioteca ISALUD. Dr. Néstor Rodríguez Campoamor Biblioteca ISALUD. Dr. Néstor Rodríguez Campoamor 2019-02-07 848 3 2 616.831 B147 848 2025-11-10 2025-11-03 2019-02-07 Libros